000 00291nam a2200145Ia 4500
100 _aInfuse Inc
942 _cBK
654 _aProducts
245 _aNew Products
260 _bInfuse Inc
_aNew Delhi
_c1995
082 _a658.562
_bINF
300 _a134
546 _aENGLISH
999 _c31770
_d31770